Writing to win : (Record no. 156389)

MARC details
000 -LEADER
fixed length control field 00924cam a2200277 i 4500
001 - CONTROL NUMBER
control field vtls003259377
003 - CONTROL NUMBER IDENTIFIER
control field MY-SjTCS
005 - DATE AND TIME OF LATEST TRANSACTION
control field 20200226115935.0
008 - FIXED-LENGTH DATA ELEMENTS--GENERAL INFORMATION
fixed length control field 141129t20122012nyu 000 0 eng d
020 ## - INTERNATIONAL STANDARD BOOK NUMBER
International Standard Book Number 9780307888716 (paperback)
039 #9 - LEVEL OF BIBLIOGRAPHIC CONTROL AND CODING DETAIL [OBSOLETE]
Level of rules in bibliographic description 201809071407
Level of effort used to assign nonsubject heading access points VLOAD
Level of effort used to assign subject headings 201502231844
Level of effort used to assign classification shuhada
Level of effort used to assign subject headings 201502141613
Level of effort used to assign classification masrina
Level of effort used to assign subject headings 201502141612
Level of effort used to assign classification masrina
-- 201411291104
-- malathy
040 ## - CATALOGING SOURCE
Description conventions rda
082 04 - DEWEY DECIMAL CLASSIFICATION NUMBER
Classification number 808.06634
Item number STA 2012
100 1# - MAIN ENTRY--PERSONAL NAME
Personal name Stark, Steven D.
9 (RLIN) 72355
245 10 - TITLE STATEMENT
Title Writing to win :
Remainder of title the legal writer /
Statement of responsibility, etc. Steven D. Stark.
250 ## - EDITION STATEMENT
Edition statement Completely updated & revised.
264 #1 - PRODUCTION, PUBLICATION, DISTRIBUTION, MANUFACTURE, AND COPYRIGHT NOTICE
Place of production, publication, distribution, manufacture New York :
Name of producer, publisher, distributor, manufacturer Three Rivers Press,
Date of production, publication, distribution, manufacture, or copyright notice [2012]
264 #4 - PRODUCTION, PUBLICATION, DISTRIBUTION, MANUFACTURE, AND COPYRIGHT NOTICE
Date of production, publication, distribution, manufacture, or copyright notice ©2012
300 ## - PHYSICAL DESCRIPTION
Extent x, 303 pages ;
Dimensions 21 cm.
336 ## - CONTENT TYPE
Content type term text
Source rdacontent
337 ## - MEDIA TYPE
Media type term unmediated
Source rdamedia
338 ## - CARRIER TYPE
Carrier type term volume
Source rdacarrier
504 ## - BIBLIOGRAPHY, ETC. NOTE
Bibliography, etc. note Includes bibliographical references (pages 292-303)
650 #0 - SUBJECT ADDED ENTRY--TOPICAL TERM
Topical term or geographic name entry element Legal composition.
920 ## - Programme
Programme LAW : 215703
Holdings
Withdrawn status Lost status Source of classification or shelving scheme Damaged status Not for loan Home library Current library Date acquired Total Checkouts Barcode Date last seen Copy number Uniform Resource Identifier Koha item type Public note
    Dewey Decimal Classification     Taylor's Library-TU Taylor's Library-TU 09/12/2014   5000161301 05/12/2019 1 Floor 4, Shelf 34 , Side 1, TierNo 5, BayNo 6 Main Collection LAWxx,17002,03,CL